How animals care for their babies : (Record no. 102988)
[ view plain ]
| 000 -LEADER | |
|---|---|
| fixed length control field | 00869nam a2200217 a 4500 |
| 005 - DATE AND TIME OF LATEST TRANSACTION | |
| control field | 20140412111247.0 |
| 008 - FIXED-LENGTH DATA ELEMENTS--GENERAL INFORMATION | |
| fixed length control field | 010907s19uu xx 00 eng d |
| 020 ## - INTERNATIONAL STANDARD BOOK NUMBER | |
| International Standard Book Number | 0-7922-3407-3 |
| 050 ## - LIBRARY OF CONGRESS CALL NUMBER | |
| Classification number | M 591.56 |
| Item number | H57 1987 |
| 100 ## - MAIN ENTRY--PERSONAL NAME | |
| Personal name | Hirschland, Roger B. |
| 245 ## - TITLE STATEMENT | |
| Title | How animals care for their babies : |
| Remainder of title | kids want to know / |
| Statement of responsibility, etc | by Roger B. Hirschland. |
| 260 ## - PUBLICATION, DISTRIBUTION, ETC. (IMPRINT) | |
| Place of publication, distribution, etc | Washington, D.C : |
| Name of publisher, distributor, etc | National Geographic Society, |
| Date of publication, distribution, etc | 1989. |
| 300 ## - PHYSICAL DESCRIPTION | |
| Extent | 30 p. ; ill. |
| 440 ## - SERIES STATEMENT/ADDED ENTRY--TITLE | |
| Title | Books for young explorers |
| 500 ## - GENERAL NOTE | |
| General note | Includes bibliographical references |
| 520 ## - SUMMARY, ETC. | |
| Summary, etc | Depicts different kinds of parental behavior among a variety of animals, including the trumpeter swan, mountain goat, and baboon. |
| 650 ## - SUBJECT ADDED ENTRY--TOPICAL TERM | |
| Topical term or geographic name as entry element | Parental behavior in animals-Juvenile litearture |
| 650 ## - SUBJECT ADDED ENTRY--TOPICAL TERM | |
| Topical term or geographic name as entry element | Animals-Infancy-Juvneile literature |
| 650 ## - SUBJECT ADDED ENTRY--TOPICAL TERM | |
| Topical term or geographic name as entry element | National Geographic Society (U.S.) |
| Withdrawn status | Lost status | Damaged status | Use restrictions | Home library | Current library | Shelving location | Date acquired | Source of acquisition | Total Checkouts | Full call number | Barcode | Date last seen | Price effective from | Koha item type |
|---|---|---|---|---|---|---|---|---|---|---|---|---|---|---|
| Elizalde Library | Elizalde Library | Main Section | 09/07/2001 | M 591.56 H57 1987 | E3523 | 04/12/2014 | 04/12/2014 | Books |